00245nam a2200097Ia 4500008004100000082001900041100001500060245002700075260003700102300000800139150731s2012 xx 000 0 und d a615.53bA 12 G aGUPTA,O.P. aHAND BOOK OF AYURVEDIC bCHAUKHAMBHA PUB. NEW DELHIc2012 a257